[Event "LSS SB-2008-0-00007"]
[Site "LSS email"]
[Date "2008.03.16"]
[Round "?"]
[White "McDonald, Graham R"]
[Black "Mancuso, Alberto"]
[Result "1/2-1/2"]
[WhiteElo "1834"]
[BlackElo "1789"]
[PlyCount "92"]
[EventDate "2008.03.11"]
[EventType "tourn (corr)"]
[EventRounds "6"]
[EventCountry "GER"]
[SourceTitle "Corr 2011"]
[Source "ChessBase"]
[SourceDate "2010.08.31"]
[SourceVersion "1"]
[SourceVersionDate "2010.08.31"]
[SourceQuality "1"]

1. e4 c5 2. Nf3 Nc6 3. d4 cxd4 4. Nxd4 Nf6 5. Nc3 e5 6. Ndb5 d6 7. Bg5 a6 8. Na3 b5 9. Nd5 Be7 10. Nxe7 Nxe7 11. Bd3 Bb7 12. Qe2 Nd7 13. c4 b4 14. Nc2 a5 15. 0-0 0-0 16. Rfd1 Nc5 17. f3 f6 18. Be3 Qc7 19. Qd2 f5 20. exf5 Nxd3 21. Qxd3 Nxf5 22. Bf2 Rac8 23. Ne3 Nd4 24. Nd5 Bxd5 25. cxd5 Nf5 26. a3 Qc2 27. axb4 axb4 28. Qxc2 Rxc2 29. b3 Rb2 30. Rdb1 Rxb1+ 31. Rxb1 Ne7 32. Rd1 Rb8 33. Bg3 g5 34. Be1 Kf7 35. h4 h6 36. hxg5 hxg5 37. Kf2 Rb5 38. Bd2 g4 39. fxg4 Rxd5 40. Ke2 Rd4 41. Rf1+ Ke6 42. g5 Nf5 43. Rf3 d5 44. Rh3 Nh4 45. Rg3 Re4+ 46. Kf2 Nf5 1/2-1/2

[Event "LSS RC-2008-0-00005"]
[Site "LSS email"]
[Date "2008.03.13"]
[Round "?"]
[White "Baumann, Arend"]
[Black "Mancuso, Alberto"]
[Result "0-1"]
[WhiteElo "1725"]
[BlackElo "1789"]
[PlyCount "42"]
[EventDate "2008.02.06"]
[EventType "tourn (corr)"]
[EventRounds "6"]
[EventCountry "GER"]
[SourceTitle "Corr 2011"]
[Source "ChessBase"]
[SourceDate "2010.08.31"]
[SourceVersion "1"]
[SourceVersionDate "2010.08.31"]
[SourceQuality "1"]

1. d4 Nf6 2. c4 e6 3. Nc3 Bb4 4. Qc2 0-0 5. Nf3 c5 6. dxc5 Na6 7. Bg5 Nxc5 8. a3 Bxc3+ 9. Qxc3 Nfe4 10. Bxd8 Nxc3 11. Be7 Nb3 12. Bxf8 Kxf8 13. Rd1 Nxd1 14. Kxd1 a5 15. e3 a4 16. Bd3 Nc5 17. Bc2 b6 18. Ke2 Ba6 19. Nd2 d5 20. Rd1 Ke7 21. Bd3 Rd8 0-1

[Event "LSS RC-2008-0-00005"]
[Site "LSS email"]
[Date "2008.03.13"]
[Round "?"]
[White "Kepinski, Janusz"]
[Black "Mancuso, Alberto"]
[Result "0-1"]
[WhiteElo "1689"]
[BlackElo "1789"]
[PlyCount "80"]
[EventDate "2008.02.06"]
[EventType "tourn (corr)"]
[EventRounds "6"]
[EventCountry "GER"]
[SourceTitle "Corr 2011"]
[Source "ChessBase"]
[SourceDate "2010.08.31"]
[SourceVersion "1"]
[SourceVersionDate "2010.08.31"]
[SourceQuality "1"]

1. Nf3 c5 2. b3 d5 3. e3 Nf6 4. Bb2 e6 5. c4 Nc6 6. cxd5 exd5 7. Be2 Bd6 8. 0-0 0-0 9. d4 cxd4 10. Nxd4 Re8 11. Nd2 a6 12. N2f3 Bg4 13. Rc1 Bd7 14. Nc2 h6 15. Ncd4 Rc8 16. Nxc6 bxc6 17. Bxa6 Ra8 18. Bxf6 Qxf6 19. Qe2 Reb8 20. Bd3 c5 21. Rfd1 g6 22. Rb1 Bc6 23. a4 Rb4 24. Bb5 Bb7 25. Ne1 Re4 26. Nf3 d4 27. h3 Re7 28. Rbc1 Bc7 29. Rc2 Kg7 30. b4 dxe3 31. bxc5 Bf4 32. Kh1 Be4 33. Ra2 Rc8 34. fxe3 Bxf3 35. Qxf3 Rxe3 36. Qf1 Rxc5 37. Rf2 g5 38. Rf3 Rxf3 39. Qxf3 Rc3 40. Qf2 Qe5 0-1

[Event "LSS RC-2008-0-00005"]
[Site "LSS email"]
[Date "2008.03.13"]
[Round "?"]
[White "Mancuso, Alberto"]
[Black "Nemeth, Laszlo"]
[Result "1-0"]
[WhiteElo "1789"]
[BlackElo "1516"]
[PlyCount "51"]
[EventDate "2008.02.06"]
[EventType "tourn (corr)"]
[EventRounds "6"]
[EventCountry "GER"]
[SourceTitle "Corr 2011"]
[Source "ChessBase"]
[SourceDate "2010.08.31"]
[SourceVersion "1"]
[SourceVersionDate "2010.08.31"]
[SourceQuality "1"]

1. e4 e6 2. d4 d5 3. Nc3 Bb4 4. e5 c5 5. a3 Bxc3+ 6. bxc3 Ne7 7. Qg4 Qc7 8. Qxg7 Rg8 9. Qxh7 cxd4 10. Ne2 dxc3 11. f4 Nbc6 12. Qd3 Nf5 13. Ng3 Ncd4 14. Nh5 Ke7 15. Nf6 Rh8 16. g4 Nh4 17. Kf2 Ndf3 18. Be2 Qc5+ 19. Be3 d4 20. Bc1 Nd2 21. a4 Kd8 22. Bxd2 cxd2 23. Ne4 Qd5 24. Rab1 Rb8 25. Rb4 Bd7 26. Rxd4 1-0